Number 1 Hits of 2025 - Statistics

General Stats
  • This quiz has been taken 31 times
  • The average score is 4 of 8
Answer Stats
Artist Song % Correct
Alex Warren Ordinary
83%
Bruno Mars, Lady Gaga Die with a Smile
79%
Ejae, Audrey Nuna, Rei Ami (Huntrix) Golden
72%
Sabrina Carpenter Manchild
69%
Taylor Swift The Fate of Ophelia
59%
Kendrick Lamar ft. SZA Luther
45%
Travis Scott 4x4
21%
Morgan Wallen ft. Tate McRae What I Want
21%
No matching quizzes found
Score Distribution
Percent of People with Each Score
Percentile by Number Answered
Your Score History
You have not taken this quiz